书目信息 |
| 题名: |
农用电动机怎样换线
|
|
| 作者: | 孙丞亮 编 | |
| 分册: | ||
| 出版信息: | 天津 天津人民出版社 1978 |
|
| 页数: | 63页 | |
| 开本: | 19cm | |
| 丛书名: | ||
| 单 册: | ||
| 中图分类: | TM305.1 | |
| 科图分类: | ||
| 主题词: | 电机--维修 | |
| 电子资源: | ||
| ISBN: | ||
| 000 | 00605nam0 2200217 45 | |
| 001 | 0178001754 | |
| 005 | 20060802162545.59 | |
| 010 | @dCNY0.18 | |
| 091 | @a15072.32 | |
| 100 | @a19950811d1978 em y0chiy0121 ea | |
| 101 | 0 | @achi |
| 102 | @aCN@b120000 | |
| 105 | @ay z 000yy | |
| 200 | 10 | @a农用电动机怎样换线@Anong yong dian dong ji zen yang huan xian@f孙丞亮编@Fsun cheng liang bian |
| 210 | @a天津@c天津人民出版社@d1978 | |
| 215 | @a63页@d19cm | |
| 606 | @a电机@x维修 | |
| 690 | @aTM305.1@v4 | |
| 701 | 0 | @a孙丞亮@Asun cheng liang@4编 |
| 801 | 0 | @aCN@bTSSF@c20060802 |
| 905 | @a10447@dTM305.1@e2 | |
| 农用电动机怎样换线/孙丞亮编.-天津:天津人民出版社,1978 |
| 63页;19cm |
| ISBN :CNY0.18 |
| ● |
| 相关链接 |
|
|
|
|
正题名:农用电动机怎样换线
索取号:TM305.1/2
 
预约/预借
| 序号 | 登录号 | 条形码 | 馆藏地/架位号 | 状态 | 备注 |
| 1 | 0006954 | 202256593 | 密集书库/ [索取号:TM305.1/2] | 在馆 | |
| 2 | 0006955 | 001693670 | 密集书库/ [索取号:TM305.1/2] | 在馆 | |
| 3 | 0438736 | 204387369 | 密集书库/ [索取号:TM305.1/2] | 在馆 | |
| 4 | 0439533 | 204395332 | 密集书库/ [索取号:TM305.1/2] | 在馆 |